Μαχήτριες του δημοκρατικού στρατού : η τολμηρότερη ιστορία που γράφτηκε στα χρόνια του εμφυλίου πολέμου 1946-1949
Αποθηκεύτηκε σε:
| Κύριος συγγραφέας: | |
|---|---|
| Μορφή: | Βιβλίο |
| Γλώσσα: | Greek |
| Δημοσίευση: |
Αθήνα :
Φιλίστωρ,
2001
|
| Σειρά: | Ιστορία και μνήμη ;
; 17 |
| Θέματα: | |
| Ετικέτες: |
Προσθήκη ετικέτας
Δεν υπάρχουν, Καταχωρήστε ετικέτα πρώτοι!
|
MARC
| LEADER | 00000cam a2200000 i 4500 | ||
|---|---|---|---|
| 001 | 1/47427 | ||
| 008 | 140516s2001 gr | ||| |||| ||gre|| | ||
| 020 | |a 9603690627 | ||
| 035 | |l 10117654 | ||
| 040 | |a GR-MY-UA |b gre |e aacr | ||
| 041 | 0 | |a gre | |
| 082 | 0 | |a 938.774 |2 (22) | |
| 100 | 1 | |a Γκριτζώνας, Κώστας, |d 1917- | |
| 245 | 1 | 0 | |a Μαχήτριες του δημοκρατικού στρατού : |b η τολμηρότερη ιστορία που γράφτηκε στα χρόνια του εμφυλίου πολέμου 1946-1949 / |c Κώστας Γκριτζώνας |
| 260 | |a Αθήνα : |b Φιλίστωρ, |c 2001 | ||
| 300 | |a 222 σ.; |c 23 εκ. | ||
| 490 | 1 | |a Ιστορία και Μνήμη |v ; 17 | |
| 504 | |a Περιέχει βιβλιογραφία (σ.[603]-607) | ||
| 650 | 0 | 0 | |a Women guerrillas |z Greece. |
| 651 | 0 | |a Greece |x History |y Civil War, 1944-1949 |x Women. | |
| 651 | 0 | |a Greece |x History |y Civil War, 1944-1949 |x Personal narratives. | |
| 830 | 0 | |a Ιστορία και μνήμη ; |v ; 17 | |
| 852 | |a INST |b LESVOS |e 20140516 |h 938.774 ΓΚΡ |p 005100054207 |q 005100054207 |t BK |y 4 |x 20210107 | ||
| 901 | |a BIBL1-2014-2 | ||
| 909 | |a Λ |b 188996 | ||
| 970 | |a ΤΖΑΦΕΡΗ |b ΕΥΑΓΓΕΛΙΑ |z 2014/05/16 | ||